Mathematics for physicists / (Record no. 86354)
[ view plain ]
| 000 -LEADER | |
|---|---|
| fixed length control field | 01396nam a2200361 a 4500 |
| 001 - CONTROL NUMBER | |
| control field | 86354 |
| 003 - CONTROL NUMBER IDENTIFIER | |
| rucl marc code | BD-RjUL |
| 005 - DATE AND TIME OF LATEST TRANSACTION | |
| control field | 20260412120604.0 |
| 008 - FIXED-LENGTH DATA ELEMENTS--GENERAL INFORMATION | |
| fixed length control field | 260412t20152015enka b 001 0 eng c |
| 020 ## - INTERNATIONAL STANDARD BOOK NUMBER | |
| International Standard Book Number | 9780470660232 |
| Qualifying information | hardback |
| International Standard Book Number | 9780470660225 |
| Qualifying information | paperback |
| 035 ## - SYSTEM CONTROL NUMBER | |
| System control number | (BD-RjUL)86354 |
| 040 ## - CATALOGING SOURCE | |
| Original cataloging agency | OU/DLC |
| Language of cataloging | eng |
| Transcribing agency | OU |
| Description conventions | rda |
| Modifying agency | DLC |
| -- | BD-RjUL |
| 041 ## - LANGUAGE CODE | |
| Language code of text/sound track or separate title | eng |
| 042 ## - AUTHENTICATION CODE | |
| Authentication code | pcc |
| 082 00 - DEWEY DECIMAL CLASSIFICATION NUMBER | |
| Edition number | 23 |
| Classification number | 510 |
| Author mark and year | MAM 2015 |
| 100 1# - MAIN ENTRY--PERSONAL NAME | |
| Personal name | Martin, B. R. |
| Fuller form of name | (Brian Robert), |
| Relator term | author. |
| 9 (RLIN) | 18115 |
| 245 10 - TITLE STATEMENT | |
| Title | Mathematics for physicists / |
| Statement of responsibility, etc. | B.R. Martin, Department of Physics and Astronomy, University College London, G. Shaw, Department of Physics and Astronomy, Manchester University. |
| 264 #1 - PRODUCTION, PUBLICATION, DISTRIBUTION, MANUFACTURE, AND COPYRIGHT NOTICE | |
| Place of production, publication, distribution, manufacture | Chichester, West Sussex, United Kingdom : |
| Name of producer, publisher, distributor, manufacturer | Wiley, |
| Date of production, publication, distribution, manufacture, or copyright notice | 2015. |
| Date of production, publication, distribution, manufacture, or copyright notice | ©2015 |
| 300 ## - PHYSICAL DESCRIPTION | |
| Pagination | x, 565 pages : |
| Illustrations | illustrations ; |
| Size | 26 cm. |
| 336 ## - CONTENT TYPE | |
| Content type term | text |
| Source | rdacontent |
| 337 ## - MEDIA TYPE | |
| Media type term | unmediated |
| Source | rdamedia |
| 338 ## - CARRIER TYPE | |
| Carrier type term | volume |
| Source | rdacarrier |
| 490 0# - SERIES STATEMENT | |
| Series statement | The Manchester physics series |
| 504 ## - BIBLIOGRAPHY, ETC. NOTE | |
| Bibliography, etc | Includes bibliographical references and index. |
| 650 #0 - SUBJECT ADDED ENTRY--TOPICAL TERM | |
| Topical term or geographic name as entry element | Mathematics. |
| Topical term or geographic name as entry element | Mathematical physics. |
| 700 1# - ADDED ENTRY--PERSONAL NAME | |
| Personal name | Shaw, G. |
| Fuller form of name | (Graham), |
| Dates associated with a name | 1942- |
| Relator term | author. |
| 776 08 - ADDITIONAL PHYSICAL FORM ENTRY | |
| Relationship information | Online version: |
| Main entry heading | Martin, B. R. (Brian Robert), author. |
| Title | Mathematics for physicists |
| Place, publisher, and date of publication | Hoboken, New Jersey : John Wiley & Sons Inc., 2015 |
| International Standard Book Number | 9781118676615 |
| Record control number | (DLC) 2015013410 |
| 942 ## - ADDED ENTRY ELEMENTS (KOHA) | |
| Source of classification or shelving scheme | Dewey Decimal Classification |
| Koha item type | Books |
| Lost status | Source of classification or shelving scheme | Damaged status | Not for loan | Collection code | Permanent Location | Current Location | Shelving location | Date acquired | Source of acquisition | Cost, normal purchase price | Total Checkouts | Full call number | Date last seen | Copy number | Koha item type |
|---|---|---|---|---|---|---|---|---|---|---|---|---|---|---|---|
| Dewey Decimal Classification | Not For Loan | Non-fiction | Central Library, University of Rajshahi | Central Library, University of Rajshahi | Reading Room | 02/04/2026 | International Book Distributor, Dhaka | 12500.00 | 510 MAM 2015 | 12/04/2026 | C-1 | Books |